Self-Care - Self-Regulation
Starostlivosť o seba a identifikácia jej dimenzií - vnímanie starostlivosti o seba ako oveľa širší fenomén obsahujúci komponenty aktivácie a inhibície. K danej problematike vypracovaný dotazník, v ktorom boli na základe faktorovej analýzy vybrané štyri faktory: osobný rast, zdravý životný štýl, kont...
Uložené v:
| Hlavný autor: | |
|---|---|
| Ďalší autori: | |
| Médium: | Kapitola |
| Jazyk: | English |
| Predmet: | |
| Tagy: |
Žiadne tagy, Buďte prvý, kto otaguje tento záznam!
|
MARC
| LEADER | 00000nla a2200000 4500 | ||
|---|---|---|---|
| 001 | 0241130 | ||
| 005 | 20240417075133.3 | ||
| 041 | 0 | |a eng | |
| 044 | |a CZ | ||
| 245 | 1 | 0 | |a Self-Care - Self-Regulation |c Monika Hricová, Ladislav Lovaš |
| 520 | |a Starostlivosť o seba a identifikácia jej dimenzií - vnímanie starostlivosti o seba ako oveľa širší fenomén obsahujúci komponenty aktivácie a inhibície. K danej problematike vypracovaný dotazník, v ktorom boli na základe faktorovej analýzy vybrané štyri faktory: osobný rast, zdravý životný štýl, kontrola nad negatívnou náladou a kontrola nad zdravotnými rizikami. | ||
| 610 | 2 | 0 | |a psychológia |
| 610 | 2 | 0 | |a osobnosť |
| 610 | 2 | 0 | |a starostlivosť o zdravie |
| 610 | 2 | 0 | |a štýl životný |
| 610 | 2 | 0 | |a sebavýchova |
| 610 | 2 | 0 | |a postoje |
| 610 | 2 | 0 | |a dotazníky |
| 100 | 1 | |a Hricová, Monika | |
| 700 | 1 | |a Lovaš, Ladislav | |